000
00236nam a22001097a 4500
003
OSt
008
241226b |||||||| |||| 00| 0 eng d
041
_a
eng
100
_a
Vallathol
_9
4295
245
_a
Sahithya Manjari Part IV
942
_c
BK
999
_c
18730
_d
18730